00377 a2200121 4500001001000000005001700010008004100027245006300068100002100131700001800152773006800170999001700238ART_1239520260410161905.0260409a 10aOn formulation of empirical models in dynamic econometrics1 aHendry, David F.1 aRichard, J.F.0 tJournal of econometricsg- Vol. 20, NÂș 1 (oct. 1982)wREV11720 c26324d26324